[Event "Stari Zednik"]
[Site "Stari Zednik"]
[Date "2017.06.24"]
[Round "7"]
[White "Kovac, Imre"]
[Black "Prcic, Marijan"]
[Result "1-0"]
[WhiteElo "1854"]
[BlackElo "1877"]
[PlyCount "67"]
[EventDate "2017.06.14"]
[EventType "swiss"]
[EventRounds "9"]
[EventCountry "SRB"]
[SourceTitle "CBM 179 Extra"]
[Source "ChessBase"]
[SourceDate "2017.08.23"]
[SourceVersion "1"]
[SourceVersionDate "2017.08.23"]
[SourceQuality "1"]

1. e4 e6 2. d4 d5 3. Nc3 Bb4 4. e5 c5 5. a3 Bxc3+ 6. bxc3 Qc7 7. Bd3 c4 8. Be2 Ne7 9. f4 Nd7 10. Nf3 Nf5 11. Bd2 Nf8 12. g4 Ne7 13. h4 Bd7 14. Qb1 a5 15. Qb2 Rb8 16. Kf2 h5 17. gxh5 Rxh5 18. Rag1 Nf5 19. Rg5 Rh8 20. Rhg1 g6 21. h5 gxh5 22. Rg8 Rxg8 23. Rxg8 Ba4 24. Ng5 Ke7 25. Bxh5 Ng6 26. Rxb8 Qxb8 27. Bxg6 fxg6 28. Qb6 Bd7 29. Qc5+ Ke8 30. Qxa5 b6 31. Qb4 Qd8 32. a4 Nh6 33. Bc1 Nf7 34. Ba3 1-0